|
|
|
|
| LEADER |
01246nam a2200313 u 4500 |
| 001 |
10011919 |
| 003 |
upatras |
| 005 |
20210125075718.0 |
| 008 |
881025s1996 eng |
| 020 |
|
|
|a 3540606513
|
| 040 |
|
|
|a GR-PaULI
|c GR-PaULI
|
| 041 |
0 |
|
|a eng
|
| 082 |
0 |
4 |
|a 538
|
| 100 |
1 |
|
|a Yosida, Kei
|9 130050
|
| 245 |
1 |
0 |
|a Theory of magnetism
|c Kei Yosida
|
| 260 |
|
|
|a Berlin
|b Springer
|c 1996
|
| 300 |
|
|
|a x, 320 p.
|b fig.
|c 23 cm
|
| 490 |
0 |
|
|a Springer series in solid -state sciences
|v 122
|
| 505 |
1 |
|
|a Includes subject index, references
|
| 650 |
|
4 |
|a Ηλεκτρομαγνητισμός
|9 4269
|
| 650 |
|
4 |
|a Μαγνητικά υλικά
|9 2333
|
| 650 |
|
4 |
|a Μαγνητισμός
|9 745
|
| 760 |
1 |
|
|a Springer series in solid-state sciences
|g 122
|
| 852 |
|
|
|a GR-PaULI
|b ΠΑΤΡΑ
|b ΒΚΠ
|b ΒΣ1
|k ΑΣΧΞ
|h 538 Y
|m 22769
|t 1
|
| 852 |
|
|
|a GR-PaULI
|b ΠΑΤΡΑ
|b ΒΚΠ
|b ΒΣ1
|k ΑΣΧΞ
|h 538 Y
|m 24960
|t 2
|
| 942 |
|
|
|2 ddc
|c BK15
|
| 952 |
|
|
|0 0
|1 0
|4 0
|6 538_000000000000000_Y
|7 0
|9 145593
|a LISP
|b LISP
|c BSC
|d 2016-04-24
|i 22769
|l 0
|o 538 Y
|r 2016-04-24 00:00:00
|t 1
|w 2016-04-24
|y BK15
|
| 952 |
|
|
|0 0
|1 0
|4 0
|6 538_000000000000000_Y
|7 0
|9 145594
|a LISP
|b LISP
|c BSC
|d 2016-04-24
|i 24960
|l 0
|o 538 Y
|r 2016-04-24 00:00:00
|t 2
|w 2016-04-24
|y BK15
|
| 999 |
|
|
|c 94799
|d 94799
|